[Event "SRB-ch Semifinal 2022"]
[Site "Paracin"]
[Date "2022.03.22"]
[Round "8.14"]
[White "Jurisic, Iskra"]
[Black "Srdanovic, Jovana"]
[Result "0-1"]
[WhiteElo "1827"]
[BlackElo "2194"]
[Annotator "NA"]
[PlyCount "112"]
[EventDate "2022.03.17"]
[EventType "swiss"]
[EventCountry "SRB"]
[SourceTitle "playchess.com"]
[Source "ChessBase"]
[SourceQuality "1"]
[TimeControl "40/5400+30:1800+30"]

1. d4 {[%emt 0:00:04]} d5 {[%emt 0:01:43]} 2. c4 {[%emt 0:00:14]} c6 {[%emt 0:00:43]} 3. Nc3 {[%emt 0:00:36]} Nf6 {[%emt 0:00:13]} 4. Nf3 {[%emt 0:00:17]} e6 {[%emt 0:00:57]} 5. e3 {[%emt 0:00:47]} Nbd7 {[%emt 0:00:17]} 6. Qc2 {[%emt 0:00:29]} Bd6 {[%emt 0:00:13]} 7. Bd3 {[%emt 0:01:04]} dxc4 {[%emt 0:01:26]} 8. Bxc4 {[%emt 0:00:21]} b5 {[%emt 0:00:56]} 9. Be2 {[%emt 0:01:18]} Bb7 {[%emt 0:00:07]} 10. O-O {[%emt 0:02:13]} (10. e4 $14 {deserves consideration.} e5 11. dxe5 Nxe5 12. Nh4) 10... O-O {[%emt 0:01:28]} 11. Rd1 {[%emt 0:03:11]} Qc7 {[%emt 0:00:21]} 12. Bd2 {[%emt 0:02:49]} a6 {[%emt 0:05:27]} 13. b4 {[%emt 0:03:27]} e5 {[%emt 0:11:21]} 14. h3 {[%emt 0:06:08]} Rfe8 {[%emt 0:06:23]} 15. Ng5 $15 {[%emt 0:12:20]} (15. Rac1 $11 {should be considered.}) 15... h6 {[%emt 0:21:43]} 16. Nge4 {[%emt 0:09:11]} Bf8 {[%emt 0:07:35]} 17. Bf3 {[%emt 0:02:38]} Qb6 {[%emt 0:03:12]} 18. Nc5 {[%emt 0:03:49]} Nxc5 {[%emt 0:01:30]} 19. dxc5 {[%emt 0:00:54]} Qc7 {[%emt 0:00:06]} 20. Ne4 {[%emt 0:01:33]} Nd5 {[%emt 0:00:54]} 21. Be1 {[%emt 0:05:06]} Rad8 {[%emt 0:10:28]} 22. a3 {[%emt 0:05:36]} Qc8 {[%emt 0:05:35]} 23. Nd6 {[%emt 0:04:38]} Bxd6 {[%emt 0:01:06]} 24. cxd6 {[%emt 0:00:13]} Nf6 {[%emt 0:02:22]} 25. Bc3 {[%emt 0:05:53]} Qe6 {[%emt 0:00:40]} 26. g4 {[%emt 0:06:33]} Rxd6 {[%emt 0:01:03]} 27. Rxd6 {[%emt 0:00:26]} Qxd6 {[%emt 0:00:03]} 28. Rd1 {[%emt 0:00:17]} Qe6 {[%emt 0:00:06]} 29. Qf5 {[%emt 0:02:53]} Qe7 {[%emt 0:08:04]} 30. g5 {[%emt 0:02:14]} hxg5 {[%emt 0:00:34]} 31. Qxg5 {[%emt 0:00:19]} Nd5 {[%emt 0:00:51]} 32. Qxe7 {[%emt 0:01:19]} Rxe7 {[%emt 0:00:04]} 33. Bxd5 {[%emt 0:01:27]} cxd5 {[%emt 0:00:05]} 34. Kh2 {[%emt 0:03:37]} f6 {[%emt 0:00:10]} 35. Bb2 {[%emt 0:00:18]} Kf7 {[%emt 0:10:14]} 36. Kg3 {[%emt 0:00:37]} Ke6 {[%emt 0:00:00]} 37. f4 {[%emt 0:00:57]} Kf5 {[%emt 0:00:00]} 38. fxe5 {[%emt 0:01:48]} fxe5 {[%emt 0:00:00]} 39. Kf2 {[%emt 0:00:25]} Ke4 {[%emt 0:00:00]} 40. Ke2 {[%emt 0:02:39]} Bc8 {[%emt 0:00:00]} 41. Rh1 {[%emt 0:30:20]} Rc7 {[%emt 0:26:06]} 42. Kd2 {[%emt 0:00:15]} Rf7 {[%emt 0:00:07]} 43. Rh2 {[%emt 0:03:06]} Rf3 {[%emt 0:01:14]} 44. h4 {[%emt 0:00:51]} Bh3 {[%emt 0:05:08]} 45. Ba1 {[%emt 0:01:35]} Bf1 {[%emt 0:00:00]} 46. h5 {[%emt 0:00:00]} Bh3 {[%emt 0:00:00]} 47. Bb2 {[%emt 0:00:00]} Rg3 {[%emt 0:00:00]} 48. Bc3 {[%emt 0:00:00]} Rg2+ {[%emt 0:00:00]} 49. Rxg2 {[%emt 0:00:00]} Bxg2 {[%emt 0:00:00]} 50. Ke2 {[%emt 0:00:00]} Bf3+ {[%emt 0:00:00]} 51. Kf2 {[%emt 0:00:00]} Bxh5 {[%emt 0:00:00]} 52. Bb2 {[%emt 0:00:00]} g5 {[%emt 0:00:00]} 53. Kg3 {[%emt 0:00:00]} Kxe3 {[%emt 0:00:00]} 54. Bxe5 {[%emt 0:00:00]} d4 {[%emt 0:00:00]} 55. Bf6 {[%emt 0:00:00]} d3 {[%emt 0:00:00]} 56. Bxg5+ {[%emt 0:00:00]} Ke2 {[%emt 0:00:00]} 0-1

[Event "SRB-ch Semifinal 2022"]
[Site "Paracin"]
[Date "2022.03.22"]
[Round "8.15"]
[White "Grozdanovic, Anastasia"]
[Black "Ostojic, Katarina"]
[Result "1-0"]
[WhiteElo "2005"]
[BlackElo "2066"]
[Annotator "NA"]
[PlyCount "53"]
[EventDate "2022.03.17"]
[EventType "swiss"]
[EventCountry "SRB"]
[SourceTitle "playchess.com"]
[Source "ChessBase"]
[SourceQuality "1"]
[TimeControl "40/5400+30:1800+30"]

1. d4 {[%emt 0:00:01]} f5 {[%emt 0:00:13]} 2. Nf3 {[%emt 0:00:14]} d6 {[%emt 0:00:25]} 3. g3 {[%emt 0:00:47]} Nf6 {[%emt 0:00:15]} 4. Bg2 {[%emt 0:00:20]} g6 {[%emt 0:00:13]} 5. O-O {[%emt 0:01:20]} Bg7 {[%emt 0:00:03]} 6. c4 {[%emt 0:00:22]} O-O {[%emt 0:00:15]} 7. Nc3 {[%emt 0:00:58]} Qe8 {[%emt 0:00:10]} 8. Re1 {[%emt 0:00:05]} Qf7 {[%emt 0:00:37]} 9. d5 {[%emt 0:00:39]} Ne4 {[%emt 1:32:49]} 10. Ng5 {[%emt 1:30:44]} Nxc3 {[%emt 0:00:00]} 11. bxc3 {[%emt 0:00:30]} Qf6 {[%emt 0:00:00]} 12. e4 {[%emt 0:00:30]} h6 $14 {[%emt 0:01:30]} 13. Nf3 {[%emt 0:00:30]} Qxc3 {[%emt 0:00:00]} 14. Rb1 {[%emt 0:00:30]} fxe4 {[%emt 0:01:00]} 15. Bb2 {[%emt 0:00:30]} Qa5 {[%emt 0:00:30]} 16. Bxg7 {[%emt 0:00:30]} Kxg7 {[%emt 0:00:30]} 17. Qd4+ {[%emt 0:00:30]} Kg8 {[%emt 0:00:30]} 18. Rxe4 {[%emt 0:00:30]} Rf7 {[%emt 0:00:30]} 19. Rbe1 {[%emt 0:00:30]} Bf5 {[%emt 0:00:30]} 20. Rxe7 {[%emt 0:00:30]} Nd7 {[%emt 0:00:30]} 21. Rxf7 {[%emt 0:00:00]} Kxf7 {[%emt 0:00:00]} 22. g4 {[%emt 0:01:00]} Ne5 {[%emt 0:01:00]} 23. Nxe5+ {[%emt 0:00:00]} dxe5 {[%emt 0:00:30]} 24. Rxe5 {[%emt 0:01:00]} Bb1 {[%emt 0:00:30]} 25. Qf4+ {[%emt 0:00:30]} Kg8 {[%emt 0:00:00]} 26. Re7 {[%emt 0:00:30]} Rf8 {[%emt 0:00:00]} 27. Qxh6 {[%emt 0:00:30]} 1-0

[Event "SRB-ch Semifinal 2022"]
[Site "Paracin"]
[Date "2022.03.23"]
[Round "9.1"]
[White "Radovanovic, Nikola"]
[Black "Perunovic, Miodrag"]
[Result "1/2-1/2"]
[WhiteElo "2413"]
[BlackElo "2413"]
[Annotator "TA"]
[PlyCount "35"]
[EventDate "2022.03.17"]
[EventType "swiss"]
[EventCountry "SRB"]
[SourceTitle "playchess.com"]
[Source "ChessBase"]
[SourceQuality "1"]

{[%evp 19,22,31,16,18,7]} 1. d4 Nf6 2. c4 e6 3. Nc3 Bb4 4. Bd2 O-O 5. e3 b6 6. Nf3 Bb7 7. Bd3 d5 8. cxd5 exd5 9. O-O a6 10. Rc1 Bd6 11. Ne5 {E52: Nimzo-Indian: Rubinstein: 4...0-0 5 Nf3 d5 6 Bd3 b6.} c5 {[#] Not much happened in this game.} {Predecessor:} 12. f4 $146 Nc6 13. Ne2 Rc8 14. Bc3 c4 15. Bb1 Ne7 16. Ng3 Ne4 17. Qg4 f5 18. Qh3 {1-0 (50) Kovalenko,I (2647)-Brkic,A (2621) Zagreb 2021} 1/2-1/2

[Event "SRB-ch Semifinal 2022"]
[Site "Paracin"]
[Date "2022.03.23"]
[Round "9.2"]
[White "Djordjevic, Vuk"]
[Black "Martic, Ivan"]
[Result "1/2-1/2"]
[WhiteElo "2382"]
[BlackElo "2287"]
[Annotator "TA"]
[PlyCount "61"]
[EventDate "2022.03.17"]
[EventType "swiss"]
[EventCountry "SRB"]
[SourceTitle "playchess.com"]
[Source "ChessBase"]
[SourceQuality "1"]

{[%evp 9,61,-25,-21,-23,-7,-11,16,0,0,-51,-40,-69,-34,-47,-45,-28,-33,-51,-7,0,0,-14,7,-40,0,-17,-31,-32,20,-77,-75,-77,-91,-81,-79,-94,-86,-93,-70,-71,-43,-47,-47,-48,-43,-106,-106,-106,-106,-106,-106,-130,-83,-95]} 1. e4 c5 2. Ne2 Nc6 3. g3 d5 4. Bg2 dxe4 5. Bxe4 Nf6 6. Bg2 {B20: Sicilian: Unusual White 2nd moves.} Bg4 {[%cal Bc8g4,Bg4h5,Bh5g6,Bg6e4][%mdl 32] With the idea ...Nd4.} 7. h3 Bh5 8. g4 {The position is equal.} Bg6 {[#]} 9. Nf4 $146 (9. d3 $11) ({Predecessor:} 9. Nbc3 e6 10. d3 Bd6 11. Be3 O-O 12. Qd2 Qd7 13. Nf4 Bxf4 14. Bxf4 Nd5 15. Bg3 {0-1 (41) Bartel,M (2304)-Moiseenko,A (2620) Chess.com INT 2020}) 9... Be4 $1 $15 10. f3 Bg6 11. d3 e5 12. Nxg6 hxg6 13. Nc3 Bd6 (13... Qb6 $15) 14. Bg5 $11 Nd4 15. Qd2 $1 Ne6 16. Be3 (16. h4 $11 {should be considered.}) 16... Nf4 {[%cal Ob7b5]} 17. Bxf4 exf4 18. O-O-O g5 (18... Kf8 $15) 19. Rhe1+ (19. d4 $11 {keeps the balance.}) 19... Kf8 $17 20. Bf1 Rc8 $1 21. Kb1 a6 22. d4 c4 23. d5 Qb6 24. Qd4 Qxd4 25. Rxd4 b5 26. a4 Rb8 27. axb5 (27. Rdd1 $15) 27... axb5 {Black is better.} 28. Ne4 Nxe4 29. Rdxe4 {[#]} g6 $1 30. b3 {[#]} Kg7 (30... Bb4 $142 $1 {[%cal Rb4c3] ...Bc3 is the strong threat.} 31. c3 Bxc3) 31. Kb2 {Weighted Error Value: White=0.19 (very precise) /Black=0.15 (very precise)} 1/2-1/2

[Event "SRB-ch Semifinal 2022"]
[Site "Paracin"]
[Date "2022.03.23"]
[Round "9.5"]
[White "Budisavljevic, Luka"]
[Black "Velikic, Adela"]
[Result "1-0"]
[WhiteElo "2511"]
[BlackElo "2258"]
[Annotator "TA"]
[PlyCount "79"]
[EventDate "2022.03.17"]
[EventType "swiss"]
[EventCountry "SRB"]
[SourceTitle "playchess.com"]
[Source "ChessBase"]
[SourceQuality "1"]

{[%evp 19,79,0,0,-13,0,-1,0,0,-2,-25,-16,-18,0,0,0,0,0,0,0,0,0,0,0,0,29,0,0,0,0,0,0,0,6,0,67,62,25,0,0,0,0,0,0,0,0,-56,145,146,189,176,393,387,990,663,1237,1236,1244,1247,1208,1210,29998,29999]} 1. d4 Nf6 2. Nf3 e6 3. e3 b6 4. Bd3 Bb7 5. O-O d5 6. b3 Bd6 7. c4 O-O 8. Bb2 Nbd7 9. cxd5 exd5 10. Nc3 {[%cal Bb1c3,Bc3e2,Be2g3][%mdl 32]} a6 11. Rc1 {E14: Queen's Indian: Classical Variation (4 e3).} Re8 12. Ne2 Ne4 13. Ng3 {[%cal Of3e5] The position is equal.} g6 14. Rc2 Qe7 {[#]} 15. Ne2 $146 ({Predecessor:} 15. Qe2 Nxg3 16. hxg3 Nf6 17. Rfc1 Ne4 18. Ne5 f6 19. Bxe4 dxe4 20. Nc4 Bd5 21. Nxd6 cxd6 {½-½ (45) So,W (2772)-Nakamura,H (2736) Chess.com INT 2021}) 15... Ng5 16. Nf4 Nxf3+ 17. Qxf3 Nf6 18. Rfc1 Ne4 19. Bf1 Rac8 20. Nd3 f6 21. Qd1 Qg7 22. a4 {[%cal Oa4a5]} a5 23. Nf4 Re7 24. Bb5 Qh6 25. g3 Rd8 26. Qf3 Ng5 ({Better is} 26... Qg7 $11) 27. Qg2 $14 Kh8 $1 28. Bc6 (28. h4 $5 {[%cal Rh4g5]} Ne4 29. Bc6 Bxc6 30. Rxc6 $14) 28... Bxc6 29. Rxc6 {[%cal Bc2c6,Bc6f6,Bf6c6][%mdl 32]} Bxf4 30. gxf4 Nh3+ 31. Kf1 {Strongly threatening Ba3.} Qh5 $1 32. Qg3 (32. Rxf6 $6 Rde8 $16) (32. Ba3 $11 Rf7 33. f3) 32... Rde8 $2 {[#]} (32... g5 $1 $15 {keeps the upper hand.} 33. fxg5 (33. Rxc7 $2 gxf4 34. exf4 Qe2+ 35. Kg2 Rxc7 $19) 33... Rg7) 33. Ba3 $1 $36 {[%mdl 2048] White is on the roll.} ({And not} 33. Rxc7 Rxc7 34. Rxc7 g5 $15) (33. Rxf6 $6 Nxf2 34. Qxf2 Qh3+ 35. Kg1 Rxe3 $11) 33... Re4 (33... Rg7 $16) 34. Rxf6 $18 Kg7 $2 (34... g5 {was called for.}) 35. Rfc6 Kh6 $2 (35... Nxf2 36. Rxc7+ (36. Kxf2 Rxe3 37. Rxc7+ Kg8 $18) 36... Kg8) 36. Kg2 {[%cal Bf1g2,Bg2h1,Bh1g1][%mdl 32]} Rxe3 37. fxe3 Qe2+ 38. Kh1 Nf2+ 39. Kg1 Rxe3 40. Bf8+ {Weighted Error Value: White=0.28 (precise) /Black=0.52} 1-0

[Event "SRB-ch Semifinal 2022"]
[Site "Paracin"]
[Date "2022.03.23"]
[Round "9.10"]
[White "Arsovic, Zoran"]
[Black "Kostic, Milutin B"]
[Result "1-0"]
[WhiteElo "2360"]
[BlackElo "2096"]
[Annotator "TA"]
[PlyCount "87"]
[EventDate "2022.03.17"]
[EventType "swiss"]
[EventCountry "SRB"]
[SourceTitle "playchess.com"]
[Source "ChessBase"]
[SourceQuality "1"]

{[%evp 13,87,10,29,29,38,28,35,22,52,50,59,58,64,54,50,53,87,88,85,85,87,69,73,65,65,57,84,83,106,83,99,103,117,101,147,121,140,72,305,310,270,167,264,126,154,61,129,111,449,446,427,393,588,583,581,559,645,607,639,650,656,641,628,618,628,627,626,612,587,581,877,861,852,816,896,716]} 1. Nf3 Nf6 2. c4 c6 3. g3 d5 4. Bg2 Bg4 5. Ne5 Be6 6. cxd5 Bxd5 7. Nf3 c5 8. Nc3 {A11: English Opening: 1...c6.} Bc6 9. O-O e6 10. d3 {White is slightly better.} Nbd7 11. e4 Bd6 12. Qe2 Ne5 13. Ne1 Ng6 14. Nc2 {[#]} Be5 $146 {To avoid d4} ({Predecessor:} 14... Be7 15. Be3 O-O 16. d4 cxd4 17. Nxd4 Bd7 18. Rfd1 Qb8 19. Nb3 Rc8 20. e5 Qxe5 21. Bxb7 {1-0 (43) Erdos,V (2634)-Coleman,T (2356) Caleta 2012}) 15. f4 Bd4+ 16. Nxd4 cxd4 17. Nd1 O-O 18. h4 Nd7 19. Bd2 Qb6 20. b4 Qc7 21. Rc1 {[%cal Ob4b5]} a6 22. a4 {[%cal Ob4b5,Ba2a4,Ba4a5][%mdl 32] Black must now prevent b5!} b5 23. a5 Rac8 (23... Ne7 $142) 24. Nf2 Qb8 25. Qd1 (25. h5 $142 Ne7 26. h6) 25... e5 $2 (25... Ne7 $16) 26. h5 $18 Ne7 27. Qb3 Kh8 (27... Bb7 $142 28. h6 gxh6) 28. Rc2 (28. h6 $18) 28... Qd6 29. Rfc1 ({White should try} 29. Ng4 $16) 29... f6 (29... h6 $1 $14) 30. Bh3 {aiming for Qe6.} Rcd8 $2 {[%mdl 8192]} (30... f5 $16 {is more resistant.}) 31. Qe6 Nb8 32. fxe5 Qxe5 (32... Qxe6 $142 33. Bxe6 Bd7) 33. Qxe5 {White is clearly winning.} fxe5 34. Bg5 Rf6 35. h6 Rdd6 36. hxg7+ Kxg7 37. Bxf6+ Rxf6 38. Ng4 {[%csl LRe5,LRf6]} Re6 39. Kh2 h5 {[#]} 40. Ne3 {[%mdl 512]} Rf6 41. Nf5+ Nxf5 42. Bxf5 Kf8 43. Rc5 Bd7 {[#]} 44. Rc8+ $1 {[%mdl 512] Weighted Error Value: White=0.13 (very precise) /Black=0.56} 1-0